| 000 | 00752nam a2200181 a 4500 | ||
|---|---|---|---|
| 005 | 20260216122545.0 | ||
| 008 | 260210s2026##################000#0#eng## | ||
| 020 |
_a9780195173826 _qpbk |
||
| 041 | _aeng | ||
| 082 | 0 | 4 |
_a306.440941443 _bMAC |
| 100 | _aMacAulay, Ronald K. S. | ||
| 245 | 1 | 0 |
_aTalk That Counts: Age, Gender, and Social Class Differences in Discourse _c/Ronald K. S. MacAulay |
| 260 |
_bOxford Univ Pr on Demand _c2005. |
||
| 300 |
_a225p,; _c20 cm. |
||
| 504 | _aindex | ||
| 520 | _aTalk That Counts is a sociolinguistic study of variation in discourse employing quantitative methods to explore age, gender, and social class differences in the use of features such as you know, I mean, adverbs, and pronouns. | ||
| 942 | _cENGLISH | ||
| 999 |
_c611314 _d611314 |
||